000 00837nam a2200229Ii 4500
003 JO-AjNU
008 230605s9999||||xx |||||||||||||| ||und||
017 _a2009/1/281
020 _a978-9957-02-368-3
040 _aJO-AjNU
_bara
_erda
_cJO-AjNU
041 _aara
050 1 4 _aPJ 7538 .K44 2010
100 3 _aخليل، إبراهيم,
_eauthor
_924767
245 0 0 _aظلال وأصداء أندلسية في الأدب المعاصر: مساهمة في الأدب المقارن
250 _aط1
264 3 1 _aعمان: دار مجدلاوي، 2010
300 _a221ص
_bيشتمل على إرجاعات ببليوجرافية
336 _atext
_btxt
_2rdacontent
337 _aunmediated
_bn
_2rdamedia
338 _avolume
_bnc
_2rdacarrier
650 4 _aالادب العربي - الاندلس - تاريخ ونقد
_924768
999 _aA9173
_c12741
_d12741